[Event "TCh-FRA Top 12 2019"]
[Site "Brest FRA"]
[Date "2019.05.26"]
[Round "9.2"]
[Board "5"]
[White "Relange, Eloi"]
[Black "Brunner, Nicolas"]
[Result "1/2-1/2"]
[WhiteTitle "GM"]
[BlackTitle "IM"]
[WhiteElo "2456"]
[BlackElo "2422"]
[WhiteTeam "Clichy-Echecs-92"]
[BlackTeam "Vandoeuvre-Echecs"]
[WhiteFideId "600822"]
[BlackFideId "620246"]
[EventDate "2019.05.18"]

1. Nf3 d5 2. c4 e6 3. g3 Nf6 4. Bg2 dxc4 5. Qa4+ c6 6. Qxc4 b5 7. Qc2 Bb7 8. O-O
Nbd7 9. a4 a6 10. d4 c5 11. Bg5 Qb6 12. axb5 axb5 13. Nc3 Be7 14. Qb3 1/2-1/2

[Event "TCh-FRA Top 12 2019"]
[Site "Brest FRA"]
[Date "2019.05.26"]
[Round "9.3"]
[Board "4"]
[White "Cramling, Pia"]
[Black "Marcelin, Cyril"]
[Result "1/2-1/2"]
[WhiteTitle "GM"]
[BlackTitle "GM"]
[WhiteElo "2454"]
[BlackElo "2451"]
[WhiteTeam "C.E.M.C. Monaco"]
[BlackTeam "T H F Saint-Quentin"]
[WhiteFideId "1700030"]
[BlackFideId "607274"]
[EventDate "2019.05.18"]

1. c4 e5 2. Nc3 Nf6 3. Nf3 d6 4. d4 Nbd7 5. e4 g6 6. Be2 Bg7 7. O-O O-O 8. Qc2
Qe7 9. Be3 c6 10. Rad1 h6 11. h3 exd4 12. Bxd4 Re8 13. Rfe1 Ne5 14. Nh2 g5 15.
Qd2 Be6 16. c5 Nfd7 17. cxd6 Qxd6 18. Qc1 Qf8 19. Nf1 Ng6 20. Bxg7 Qxg7 21. Bg4
Nde5 22. Ne3 Nf4 23. Qc2 h5 24. Bxe6 fxe6 25. Ne2 Rf8 26. Ng3 Rf7 27. Nc4 h4 28.
Nxe5 Qxe5 29. Nf1 Raf8 30. Rd2 Nh5 31. Nh2 Nf6 32. Re3 Rg7 33. Qd1 Kh7 34. Qe2
Rff7 35. Ng4 Nxg4 36. Qxg4 Kg6 37. Qe2 Rd7 38. Red3 Rxd3 39. Rxd3 Rf7 40. Rd2
Rf4 41. f3 Rf7 42. Qd3 Kg7 43. Qd8 Qc5+ 44. Kh1 a6 45. Rd1 1/2-1/2

[Event "TCh-FRA Top 12 2019"]
[Site "Brest FRA"]
[Date "2019.05.26"]
[Round "9.3"]
[Board "5"]
[White "Godart, Francois"]
[Black "Villegas, Pierre"]
[Result "1/2-1/2"]
[WhiteTitle "IM"]
[BlackTitle "IM"]
[WhiteElo "2419"]
[BlackElo "2354"]
[WhiteTeam "T H F Saint-Quentin"]
[BlackTeam "C.E.M.C. Monaco"]
[WhiteFideId "208078"]
[BlackFideId "654183"]
[EventDate "2019.05.18"]

1. Nf3 d5 2. c4 e6 3. g3 d4 4. Bg2 Nf6 5. O-O c5 6. e3 Nc6 7. exd4 cxd4 8. d3
Bd6 9. Na3 e5 10. c5 Bxc5 11. Nc4 Bg4 12. Qb3 Bxf3 13. Bxf3 Rb8 14. Re1 Nd7 15.
Bg4 O-O 16. Bxd7 Qxd7 17. Nxe5 Nxe5 18. Rxe5 b6 19. Bd2 Rfe8 20. Rae1 Rxe5 21.
Rxe5 Rd8 22. Bf4 1/2-1/2

[Event "TCh-FRA Top 12 2019"]
[Site "Brest FRA"]
[Date "2019.05.26"]
[Round "9.4"]
[Board "1"]
[White "Hera, Imre Jr."]
[Black "Ragger, Markus"]
[Result "1/2-1/2"]
[WhiteTitle "GM"]
[BlackTitle "GM"]
[WhiteElo "2611"]
[BlackElo "2682"]
[WhiteTeam "Grasse Echecs"]
[BlackTeam "Bischwiller"]
[WhiteFideId "716855"]
[BlackFideId "1610856"]
[EventDate "2019.05.18"]

1. d4 Nf6 2. Nf3 g6 3. Bg5 Bg7 4. Nbd2 O-O 5. c3 d5 6. e3 c5 7. Be2 h6 8. Bh4
cxd4 9. exd4 Nc6 10. O-O Ne4 11. Bg3 Nxg3 12. hxg3 Rb8 13. a4 a6 14. Re1 Qc7 15.
Bd3 Bg4 16. Qb3 Rfd8 17. Qa3 b5 18. axb5 axb5 19. Qc5 Bxf3 20. Nxf3 Qb7 21. Ne5
Nxe5 1/2-1/2

[Event "TCh-FRA Top 12 2019"]
[Site "Brest FRA"]
[Date "2019.05.26"]
[Round "9.4"]
[Board "3"]
[White "Apicella, Manuel"]
[Black "Rodshtein, Maxim"]
[Result "1/2-1/2"]
[WhiteTitle "GM"]
[BlackTitle "GM"]
[WhiteElo "2502"]
[BlackElo "2699"]
[WhiteTeam "Grasse Echecs"]
[BlackTeam "Bischwiller"]
[WhiteFideId "600164"]
[BlackFideId "2806851"]
[EventDate "2019.05.18"]

1. e4 c5 2. Nf3 d6 3. d4 cxd4 4. Nxd4 Nf6 5. Nc3 a6 6. Be2 e5 7. Nb3 Be7 8. O-O
Be6 9. f4 b5 10. f5 Bd7 11. Bg5 Bc6 12. Bxf6 Bxf6 13. Kh1 O-O 14. a3 Qc7 15. Qd2
Nd7 16. Rad1 Be7 17. Bf3 Rac8 18. Rf2 Nb6 19. Na5 Ba8 20. Nd5 Bxd5 21. exd5 Nc4
22. Nxc4 Qxc4 23. Re1 Qc5 24. Be4 1/2-1/2

[Event "TCh-FRA Top 12 2019"]
[Site "Brest FRA"]
[Date "2019.05.26"]
[Round "9.4"]
[Board "4"]
[White "Naiditsch, Arkadij"]
[Black "Santos Ruiz, Miguel"]
[Result "1/2-1/2"]
[WhiteTitle "GM"]
[BlackTitle "GM"]
[WhiteElo "2682"]
[BlackElo "2549"]
[WhiteTeam "Bischwiller"]
[BlackTeam "Grasse Echecs"]
[WhiteFideId "4650891"]
[BlackFideId "22291482"]
[EventDate "2019.05.18"]

1. Nf3 d5 2. e3 Nf6 3. c4 e6 4. b3 b6 5. Bb2 Bb7 6. Nc3 Nbd7 7. d4 Bd6 8. Bd3
O-O 9. O-O Re8 10. Rc1 e5 11. Bb1 exd4 12. Nxd4 dxc4 13. bxc4 Bf8 14. Qe2 g6 15.
Rfd1 Qe7 16. Nd5 Nxd5 17. cxd5 Nc5 18. Qg4 Qe5 19. Bc3 h5 20. Qg3 Qxg3 21. hxg3
Rad8 22. Nb5 Rd7 23. Bf6 Bg7 24. Bd4 Bxd4 25. exd4 Na6 26. Bd3 Rxd5 27. Nxc7
Nxc7 28. Rxc7 Rxd4 29. Rxb7 Red8 30. Rc1 Rxd3 31. Rcc7 Rf8 32. Rxa7 Rd1+ 33. Kh2
Rd6 34. a4 Rf6 35. Rc2 Rd8 36. Ra6 1/2-1/2

[Event "TCh-FRA Top 12 2019"]
[Site "Brest FRA"]
[Date "2019.05.26"]
[Round "9.4"]
[Board "6"]
[White "Fressinet, Laurent"]
[Black "Milliet, Sophie"]
[Result "1-0"]
[WhiteTitle "GM"]
[BlackTitle "IM"]
[WhiteElo "2640"]
[BlackElo "2400"]
[WhiteTeam "Bischwiller"]
[BlackTeam "Grasse Echecs"]
[WhiteFideId "608742"]
[BlackFideId "623725"]
[EventDate "2019.05.18"]

1. Nf3 c5 2. c3 Nf6 3. d4 d5 4. e3 e6 5. Nbd2 Nbd7 6. Ne5 Nxe5 7. dxe5 Nd7 8. f4
c4 9. e4 Nc5 10. exd5 exd5 11. b4 Nd3+ 12. Bxd3 cxd3 13. Nb3 Bf5 14. O-O Be7 15.
Be3 O-O 16. Nd4 Be4 17. f5 Kh8 18. Qd2 Rc8 19. Rac1 Rc4 20. Qf2 Rg8 21. Nb3 Qc7
22. Bd4 Bg5 23. Nd2 Rc6 24. h4 Be7 25. Rce1 Rxc3 26. Bxc3 Qxc3 27. Nxe4 dxe4 28.
Rxe4 Bxb4 29. Kh1 d2 30. e6 Rd8 31. Rd1 fxe6 32. fxe6 Qc2 33. Qe2 Be7 34. a4 Rd3
35. Rf4 Qc3 36. Rf3 Rxf3 37. Qxf3 Qe5 38. Qf2 Bd6 39. g3 Qe4+ 40. Kg1 h6 41.
Qxd2 Bc5+ 42. Kh2 Qxe6 43. Qd8+ Kh7 44. Qd5 Qg4 45. Re1 Bf2 46. Qd3+ Qg6 47.
Qxg6+ Kxg6 48. Re7 Bd4 49. Rxb7 Kf5 50. a5 g5 51. hxg5 hxg5 52. Kh3 Be3 53. Rb5+
Kf6 54. Kg4 Bd2 55. a6 Be3 56. Rf5+ Kg6 57. Re5 1-0

[Event "TCh-FRA Top 12 2019"]
[Site "Brest FRA"]
[Date "2019.05.26"]
[Round "9.5"]
[Board "5"]
[White "Burri, Quentin"]
[Black "Bauer, Christian"]
[Result "0-1"]
[WhiteTitle "IM"]
[BlackTitle "GM"]
[WhiteElo "2425"]
[BlackElo "2643"]
[WhiteTeam "Mulhouse Philidor"]
[BlackTeam "Nice Alekhine"]
[WhiteFideId "26028654"]
[BlackFideId "603767"]
[EventDate "2019.05.18"]

1. e4 Nc6 2. Nf3 d6 3. d4 Nf6 4. Nc3 g6 5. h3 Bg7 6. Be3 a6 7. Bd3 O-O 8. O-O e5
9. dxe5 dxe5 10. Bc4 Qe7 11. Qe2 Na5 12. a3 c6 13. b4 Nxc4 14. Qxc4 Be6 15. Qc5
Rfe8 16. Qxe7 Rxe7 17. Bc5 Ree8 18. Bd6 Nd7 19. Rfe1 b5 20. Nd1 f6 21. Nb2 h5
22. a4 g5 23. Nd2 g4 24. h4 Kf7 25. c4 Bh6 26. Red1 Nb6 27. cxb5 cxb5 28. a5 Na4
29. Nxa4 bxa4 30. Bc5 Red8 31. Be3 Bxe3 32. fxe3 Rd3 33. Kf2 Rad8 34. Ke2 g3 35.
Nf3 Rxd1 36. Rxd1 Rxd1 37. Kxd1 Bg4 0-1

[Event "TCh-FRA Top 12 2019"]
[Site "Brest FRA"]
[Date "2019.05.26"]
[Round "9.6"]
[Board "5"]
[White "Degraeve, Jean-Marc"]
[Black "Lefebvre, Herve"]
[Result "1-0"]
[WhiteTitle "GM"]
[BlackTitle "FM"]
[WhiteElo "2546"]
[BlackElo "2291"]
[WhiteTeam "Asnieres - Le Grand Echiquier"]
[BlackTeam "Gonfreville l'Orcher"]
[WhiteFideId "600270"]
[BlackFideId "607363"]
[EventDate "2019.05.18"]

1. e4 c5 2. Nf3 d6 3. Bb5+ Nd7 4. Ba4 Nf6 5. O-O a6 6. c4 e6 7. Nc3 Be7 8. a3
O-O 9. d3 b6 10. h3 Bb7 11. Bf4 d5 12. e5 Ne8 13. cxd5 exd5 14. d4 Nc7 15. Bh2
Ne6 16. Bc2 Rc8 17. Qd2 b5 18. Rad1 Nb6 19. dxc5 Bxc5 20. Bb1 b4 21. axb4 Bxb4
22. Qd3 g6 23. Bg3 Be7 24. Ba2 Nc4 25. Nxd5 Bxd5 26. Qxd5 Qxd5 27. Rxd5 Nxb2 28.
Rd7 Rfe8 29. Rb1 Ba3 30. Bh4 Rc6 31. Bf6 Rec8 32. Ng5 Nxg5 33. Bxg5 Nc4 34. Bxc4
Rxc4 35. Rbb7 Rb4 36. Rxf7 Rb1+ 37. Kh2 Rxb7 38. Rxb7 Rc6 39. Bf6 Bf8 40. f4 Bh6
41. g3 Bf8 42. Kg2 a5 43. Ra7 Bb4 44. Rg7+ Kf8 45. Rxh7 Ra6 46. h4 a4 47. h5
gxh5 48. f5 Bc3 49. Rc7 Bb2 50. Bg7+ Kg8 51. e6 a3 52. Bxb2 axb2 53. Rb7 Ra7 54.
Rxb2 Kg7 55. Re2 1-0

[Event "TCh-FRA Top 12 2019"]
[Site "Brest FRA"]
[Date "2019.05.26"]
[Round "9.6"]
[Board "7"]
[White "Goldsztejn, Gildas"]
[Black "Jeanne, Mickael"]
[Result "1-0"]
[WhiteTitle "IM"]
[WhiteElo "2423"]
[BlackElo "2150"]
[WhiteTeam "Asnieres - Le Grand Echiquier"]
[BlackTeam "Gonfreville l'Orcher"]
[WhiteFideId "612375"]
[BlackFideId "637963"]
[EventDate "2019.05.18"]

1. e4 c5 2. Nf3 d6 3. d4 cxd4 4. Nxd4 Nf6 5. Nc3 a6 6. Be2 e5 7. Nb3 Be6 8. Be3
h5 9. Bg5 Nbd7 10. Nd5 Bxd5 11. exd5 g6 12. O-O Bg7 13. c4 Qc7 14. Rc1 b6 15.
Nd2 O-O 16. b4 Rfe8 17. Be3 a5 18. a3 Qb7 19. Qb3 Bf8 20. f3 axb4 21. axb4 b5
22. Ne4 bxc4 23. Bxc4 Reb8 24. Rb1 Nxe4 25. fxe4 Be7 26. h3 Bd8 27. Kh1 Bb6 28.
Bd2 Bd4 29. Qf3 Nb6 30. Qf6 Kh7 31. Be2 Ra2 32. Rbd1 Na4 33. Bxh5 Rxd2 34. Rxd2 1-0

[Event "TCh-FRA Top 12 2019"]
[Site "Brest FRA"]
[Date "2019.05.27"]
[Round "10.1"]
[Board "3"]
[White "Brunner, Nicolas"]
[Black "Hera, Imre Jr."]
[Result "1/2-1/2"]
[WhiteTitle "IM"]
[BlackTitle "GM"]
[WhiteElo "2422"]
[BlackElo "2611"]
[WhiteTeam "Vandoeuvre-Echecs"]
[BlackTeam "Grasse Echecs"]
[WhiteFideId "620246"]
[BlackFideId "716855"]
[EventDate "2019.05.18"]

1. d4 d5 2. c4 dxc4 3. e3 e5 4. Bxc4 exd4 5. exd4 Bd6 6. Nf3 Nf6 7. O-O O-O 8.
Nc3 Nc6 9. h3 h6 10. Qc2 Na5 11. Bd3 Be6 12. Re1 Bc4 13. Bf5 Nc6 14. Bd2 Ne7 15.
Bd3 Bxd3 16. Qxd3 c6 17. Re2 Qd7 18. Rae1 Rad8 19. Qc4 Ng6 20. Qb3 b6 21. Qc4
Bb8 1/2-1/2

[Event "TCh-FRA Top 12 2019"]
[Site "Brest FRA"]
[Date "2019.05.27"]
[Round "10.1"]
[Board "5"]
[White "Savina, Anastasia"]
[Black "Apicella, Manuel"]
[Result "0-1"]
[WhiteTitle "IM"]
[BlackTitle "GM"]
[WhiteElo "2353"]
[BlackElo "2502"]
[WhiteTeam "Vandoeuvre-Echecs"]
[BlackTeam "Grasse Echecs"]
[WhiteFideId "4196872"]
[BlackFideId "600164"]
[EventDate "2019.05.18"]

1. d4 Nf6 2. c4 g6 3. Nc3 Bg7 4. e4 d6 5. h3 O-O 6. Be3 e5 7. d5 a5 8. g4 Na6 9.
Nge2 c6 10. Ng3 cxd5 11. cxd5 Nc5 12. Be2 a4 13. Kf1 Qa5 14. Rc1 Bd7 15. h4 Qb4
16. Kg2 Rfc8 17. g5 Ne8 18. Qd2 Qa5 19. Nb1 Qxd2 20. Nxd2 b5 21. b4 axb3 22.
axb3 f5 23. gxf6 Nxf6 24. f3 Ra3 25. Rc3 b4 26. Rc2 Nxb3 27. Rxc8+ Bxc8 28. Nc4
Ra2 29. Rb1 Ba6 30. Rb2 Rxb2 31. Nxb2 Bxe2 32. Nxe2 Na1 33. Bd2 Nc2 34. Nc1 Nh5
35. Nbd3 Nf4+ 36. Nxf4 exf4 37. Bxf4 Na1 38. Nd3 b3 39. Bc1 Nc2 40. Kf2 Bf6 41.
Ke2 Bxh4 42. Bb2 Bg3 43. f4 Kf7 44. e5 Ke7 45. Kf3 Ne1+ 46. Nxe1 Bxe1 47. Kg4
Bd2 48. Ba3 Kd7 49. exd6 Bb4 50. Bb2 Kxd6 51. Kg5 Bd2 0-1

[Event "TCh-FRA Top 12 2019"]
[Site "Brest FRA"]
[Date "2019.05.27"]
[Round "10.1"]
[Board "8"]
[White "Milliet, Sophie"]
[Black "Steil-Antoni, Fiona"]
[Result "1-0"]
[WhiteTitle "IM"]
[BlackTitle "WIM"]
[WhiteElo "2400"]
[BlackElo "2156"]
[WhiteTeam "Grasse Echecs"]
[BlackTeam "Vandoeuvre-Echecs"]
[WhiteFideId "623725"]
[BlackFideId "4001249"]
[EventDate "2019.05.18"]

1. e4 e6 2. d4 d5 3. Nc3 dxe4 4. Nxe4 Bd7 5. Nf3 Bc6 6. Bd3 Nd7 7. O-O Ngf6 8.
Ned2 Be7 9. c4 O-O 10. b3 Re8 11. Bb2 Bxf3 12. Nxf3 c6 13. Qc2 Bd6 14. Ne5 Nf8
15. f4 Qe7 16. Rae1 c5 17. dxc5 Bxc5+ 18. Kh1 Rad8 19. Rd1 Rd6 20. a3 a5 21. Bc3
Ra6 22. Qd2 Rea8 23. b4 axb4 24. axb4 Ra2 25. Qe1 Bd6 26. c5 Bxe5 27. Bxe5 Ng4
28. Bd4 Rd8 29. Bb1 Ra3 30. h3 Nh6 31. f5 Qg5 32. f6 g6 33. Bb2 Rxd1 34. Qxd1
Rg3 35. Qd6 Qh4 36. Be5 Re3 37. Qd4 Qxd4 38. Bxd4 Re2 39. Rd1 Nf5 40. Bd3 Ra2
41. Bxf5 exf5 42. b5 Ne6 43. c6 bxc6 44. b6 Ra8 45. Be5 Rd8 46. Rb1 Nc5 47. b7
Nxb7 48. Rxb7 Rc8 49. Bf4 c5 50. Bh6 c4 51. Rb2 g5 52. Bxg5 h6 53. Bxh6 Kh7 54.
Bg5 Kg6 55. h4 f4 56. Rf2 c3 57. Rxf4 c2 58. Rf1 1-0

[Event "TCh-FRA Top 12 2019"]
[Site "Brest FRA"]
[Date "2019.05.27"]
[Round "10.2"]
[Board "2"]
[White "Heimann, Andreas"]
[Black "Miezis, Normunds"]
[Result "1/2-1/2"]
[WhiteTitle "GM"]
[BlackTitle "GM"]
[WhiteElo "2627"]
[BlackElo "2456"]
[WhiteTeam "Mulhouse Philidor"]
[BlackTeam "Gonfreville l'Orcher"]
[WhiteFideId "24624632"]
[BlackFideId "11600136"]
[EventDate "2019.05.18"]

1. d4 Nf6 2. Nf3 e6 3. c4 Bb4+ 4. Bd2 a5 5. g3 d5 6. Bg2 O-O 7. Qc2 c5 8. cxd5
cxd4 9. Nxd4 Nxd5 10. Nc3 Nxc3 11. bxc3 Bc5 12. O-O e5 13. Nb5 Nc6 14. Rad1 1/2-1/2

[Event "TCh-FRA Top 12 2019"]
[Site "Brest FRA"]
[Date "2019.05.27"]
[Round "10.2"]
[Board "5"]
[White "Vallin, Guillaume"]
[Black "Burri, Quentin"]
[Result "0-1"]
[WhiteTitle "IM"]
[BlackTitle "IM"]
[WhiteElo "2389"]
[BlackElo "2425"]
[WhiteTeam "Gonfreville l'Orcher"]
[BlackTeam "Mulhouse Philidor"]
[WhiteFideId "614823"]
[BlackFideId "26028654"]
[EventDate "2019.05.18"]

1. Nf3 d5 2. e3 Nf6 3. c4 c6 4. b3 e6 5. Nc3 Bd6 6. Qc2 O-O 7. Bb2 e5 8. d3 Qe7
9. Be2 Re8 10. h3 a6 11. Na4 Nbd7 12. c5 Bc7 13. d4 e4 14. Nd2 h6 15. b4 Nh7 16.
Nc3 f5 17. g3 Ndf6 18. O-O-O Be6 19. Rdg1 Reb8 20. Na4 Rf8 21. Nb3 Rae8 22. Bc3
g5 23. h4 Ng4 24. Be1 Rf7 25. Na5 Bb8 26. hxg5 hxg5 27. Rh5 Ngf6 28. Rh6 Rg7 29.
Rgh1 f4 30. gxf4 gxf4 31. Kb1 f3 32. Bf1 Ng4 33. R6h5 Qf7 34. R5h4 Nh2 35. Bh3
Bxh3 36. Rxh3 Qg6 37. Kb2 Qg2 38. R1xh2 Bxh2 39. Rh6 Bb8 40. Nc3 Qf1 41. Qd1 Nf8
42. Nxe4 Rxe4 43. Qxf3 Qg2 44. Qh5 Nh7 45. Nxc6 Rg5 46. Rg6+ Rxg6 47. Qxd5+ Kg7
48. Nxb8 Rxe3 49. Qd7+ Kh8 0-1

[Event "TCh-FRA Top 12 2019"]
[Site "Brest FRA"]
[Date "2019.05.27"]
[Round "10.3"]
[Board "2"]
[White "Bauer, Christian"]
[Black "Cramling, Pia"]
[Result "1-0"]
[WhiteTitle "GM"]
[BlackTitle "GM"]
[WhiteElo "2643"]
[BlackElo "2454"]
[WhiteTeam "Nice Alekhine"]
[BlackTeam "C.E.M.C. Monaco"]
[WhiteFideId "603767"]
[BlackFideId "1700030"]
[EventDate "2019.05.18"]

1. e4 c5 2. Nf3 e6 3. c3 d5 4. e5 d4 5. g3 Ne7 6. Bg2 Nec6 7. O-O Nd7 8. Re1 g5
9. h3 Bg7 10. d3 h6 11. cxd4 cxd4 12. b3 Ndxe5 13. Nxe5 Nxe5 14. Ba3 Nc6 15. Nd2
Bf8 16. Bb2 Bb4 17. Rc1 O-O 18. a3 Bc3 19. Bxc3 dxc3 20. Rxc3 Bd7 21. Qa1 Rc8
22. Rc4 e5 23. Rc5 f6 24. Nf3 Qe7 25. b4 b6 26. Rc4 Qd6 27. b5 Na5 28. Rxc8 Rxc8
29. d4 e4 30. Rxe4 Bxb5 31. d5 Nb3 32. Qb2 Nc5 33. Re3 Bd7 34. Nd4 Na4 35. Qb1
Kg7 36. Nf5+ Bxf5 37. Qxf5 Rc1+ 38. Kh2 Nc5 39. Bf3 Nd7 40. Re6 Qf8 41. Rc6 1-0

[Event "TCh-FRA Top 12 2019"]
[Site "Brest FRA"]
[Date "2019.05.27"]
[Round "10.4"]
[Board "3"]
[White "Naiditsch, Arkadij"]
[Black "Cornette, Matthieu"]
[Result "1-0"]
[WhiteTitle "GM"]
[BlackTitle "GM"]
[WhiteElo "2682"]
[BlackElo "2553"]
[WhiteTeam "Bischwiller"]
[BlackTeam "Asnieres - Le Grand Echiquier"]
[WhiteFideId "4650891"]
[BlackFideId "620084"]
[EventDate "2019.05.18"]

1. c4 e6 2. Nc3 d5 3. d4 a6 4. cxd5 exd5 5. Bf4 Nf6 6. e3 Bd6 7. Bg5 Be6 8. Bd3
Nbd7 9. f4 h6 10. Bh4 g5 11. Bg3 Bg4 12. Nf3 Qe7 13. O-O O-O-O 14. Qd2 Bxf3 15.
Rxf3 Nb6 16. fxg5 Ne4 17. Bxe4 dxe4 18. Bxd6 Rxd6 19. Rh3 Rg6 20. Rxh6 Rhxh6 21.
gxh6 Rxh6 22. Rf1 Nc4 23. Qf2 Nd6 24. Qf4 Rg6 25. Nd5 Qd8 26. Nf6 Qe7 27. h4 1-0

[Event "TCh-FRA Top 12 2019"]
[Site "Brest FRA"]
[Date "2019.05.27"]
[Round "10.4"]
[Board "4"]
[White "Degraeve, Jean-Marc"]
[Black "Bacrot, Etienne"]
[Result "1/2-1/2"]
[WhiteTitle "GM"]
[BlackTitle "GM"]
[WhiteElo "2546"]
[BlackElo "2678"]
[WhiteTeam "Asnieres - Le Grand Echiquier"]
[BlackTeam "Bischwiller"]
[WhiteFideId "600270"]
[BlackFideId "605506"]
[EventDate "2019.05.18"]

1. e4 e5 2. Nf3 Nc6 3. Nc3 Nf6 4. d4 exd4 5. Nxd4 Bb4 6. Nxc6 bxc6 7. Bd3 O-O 8.
O-O d5 9. exd5 cxd5 10. h3 Rb8 11. Qf3 Rb6 12. Bg5 h6 13. Bxf6 Rxf6 14. Qxd5
Bxc3 15. Qxd8 Rxd8 16. bxc3 Ba6 17. Rad1 Rfd6 18. Rfe1 Bxd3 19. cxd3 Rxd3 1/2-1/2

[Event "TCh-FRA Top 12 2019"]
[Site "Brest FRA"]
[Date "2019.05.27"]
[Round "10.4"]
[Board "5"]
[White "Rodshtein, Maxim"]
[Black "Gozzoli, Yannick"]
[Result "1-0"]
[WhiteTitle "GM"]
[BlackTitle "GM"]
[WhiteElo "2699"]
[BlackElo "2622"]
[WhiteTeam "Bischwiller"]
[BlackTeam "Asnieres - Le Grand Echiquier"]
[WhiteFideId "2806851"]
[BlackFideId "616915"]
[EventDate "2019.05.18"]

1. d4 d5 2. c4 c6 3. Nf3 Nf6 4. e3 g6 5. b3 Bg7 6. Bb2 O-O 7. Nbd2 Bg4 8. Be2
Nbd7 9. O-O Re8 10. Rc1 a5 11. cxd5 cxd5 12. h3 Bxf3 13. Nxf3 Qb6 14. Qc2 e6 15.
a4 Bf8 16. Bb5 Reb8 17. g4 h6 18. h4 Qd8 19. Qc7 Nb6 20. Ne5 Qxc7 21. Rxc7 Bd6
22. Rfc1 Nc4 23. Rxf7 Bxe5 24. dxe5 Kxf7 25. bxc4 Ne8 26. cxd5 exd5 27. Bd7 Ng7
28. f4 Ke7 29. Bb5 Rc8 30. Rd1 Rc2 31. Ba3+ Ke6 32. e4 dxe4 33. Rd7 Rac8 34.
Re7+ Kd5 35. Rd7+ Ke6 36. Rxg7 R8c3 37. Re7+ Kd5 38. Rd7+ Ke6 39. Re7+ Kd5 40.
Rd7+ Ke6 41. Rd6+ Kf7 42. e6+ Ke7 43. Rc6+ 1-0

[Event "TCh-FRA Top 12 2019"]
[Site "Brest FRA"]
[Date "2019.05.27"]
[Round "10.4"]
[Board "7"]
[White "Edouard, Romain"]
[Black "Movsesian, Sergei"]
[Result "1/2-1/2"]
[WhiteTitle "GM"]
[BlackTitle "GM"]
[WhiteElo "2642"]
[BlackElo "2645"]
[WhiteTeam "Bischwiller"]
[BlackTeam "Asnieres - Le Grand Echiquier"]
[WhiteFideId "633429"]
[BlackFideId "310204"]
[EventDate "2019.05.18"]

1. e4 c5 2. Nf3 e6 3. d4 cxd4 4. Nxd4 Nc6 5. Nc3 Qc7 6. g3 a6 7. Bg2 h5 8. O-O
h4 9. Re1 hxg3 10. hxg3 d6 11. Nxc6 bxc6 12. e5 d5 13. Na4 Ne7 14. c4 Nf5 15.
cxd5 cxd5 16. Be3 Nxe3 17. Rxe3 Bd7 18. Rc1 Qa5 19. b3 Bb4 20. Re2 O-O 21. Qd4
Rfc8 22. Rec2 Rxc2 23. Rxc2 Bxa4 24. bxa4 Bf8 25. Bf1 Rb8 26. Kg2 Qe1 27. Re2
Qc1 28. Qe3 Qxe3 29. Rxe3 Rb4 30. Bxa6 Rxa4 31. Bb5 Rxa2 32. Re2 Ra5 33. Rb2 g6
34. f4 Kg7 35. Bd7 Ra7 36. Bc6 Rc7 37. Rb6 Bc5 38. Ra6 Bd4 39. Kf3 Rc8 40. Kg4
Bf2 41. Kf3 Bc5 42. g4 Rb8 43. f5 Rb3+ 44. Kg2 Rb2+ 45. Kg3 Bb6 46. Bd7 exf5 47.
gxf5 Bc7 48. fxg6 fxg6 49. Kf3 Rb3+ 50. Kg2 d4 51. e6 Kf6 52. Ra1 Bf4 53. Ra8
Bd6 54. Ra6 Ke7 55. Ra7 Rc3 56. Kf2 g5 57. Ke2 g4 58. Bc6+ Kf6 59. Bd5 Ke5 60.
Ba2 g3 61. Kf1 Re3 62. Rd7 Rf3+ 63. Kg1 Rf8 64. Bc4 Rc8 65. e7 Bxe7 66. Rxe7+
Kd6 67. Re6+ Kd7 68. Bb3 Rb8 69. Re4 1/2-1/2

[Event "TCh-FRA Top 12 2019"]
[Site "Brest FRA"]
[Date "2019.05.27"]
[Round "10.4"]
[Board "8"]
[White "Skripchenko, Almira"]
[Black "Sebag, Marie"]
[Result "1/2-1/2"]
[WhiteTitle "IM"]
[BlackTitle "GM"]
[WhiteElo "2406"]
[BlackElo "2476"]
[WhiteTeam "Asnieres - Le Grand Echiquier"]
[BlackTeam "Bischwiller"]
[WhiteFideId "13900145"]
[BlackFideId "617822"]
[EventDate "2019.05.18"]

1. e4 c5 2. Nf3 d6 3. d4 cxd4 4. Nxd4 Nf6 5. Nc3 a6 6. h4 Nc6 7. Be2 e5 8. Nb3
Be6 9. Bg5 h6 10. Bxf6 Qxf6 11. g3 g6 12. Nd5 Bxd5 13. Qxd5 h5 14. c3 Bh6 15.
Rd1 Ke7 16. Na5 Nxa5 17. Qxa5 Rhd8 18. Qd5 Rab8 19. Bc4 b5 20. Bb3 a5 21. a3 Qe6
22. Ke2 Qxd5 23. Rxd5 Rdc8 24. Rdd1 Rc5 25. Bd5 Rb6 26. Ra1 Rc7 27. Kd3 Rb8 28.
Rhf1 Rbc8 29. Rfd1 Rb8 30. Kc2 Rbc8 31. Kd3 Rb8 32. Ke2 Rbc8 33. Kd3 Rb8 34. Ke2
Rbc8 35. Kd3 Rb8 36. Rf1 Rbc8 37. Rfd1 Rb8 38. Kc2 1/2-1/2

[Event "TCh-FRA Top 12 2019"]
[Site "Brest FRA"]
[Date "2019.05.27"]
[Round "10.5"]
[Board "3"]
[White "Cossin, Sebastien"]
[Black "Karthikeyan, Murali"]
[Result "1-0"]
[WhiteTitle "IM"]
[BlackTitle "GM"]
[WhiteElo "2494"]
[BlackElo "2596"]
[WhiteTeam "T H F Saint-Quentin"]
[BlackTeam "Cannes Echecs"]
[WhiteFideId "618802"]
[BlackFideId "5074452"]
[EventDate "2019.05.18"]

1. d4 Nf6 2. c4 e6 3. Nc3 Bb4 4. e3 O-O 5. Bd3 d5 6. cxd5 exd5 7. Ne2 Bd6 8. Bd2
c6 9. O-O Bc7 10. f3 Qd6 11. g3 Bb6 12. Na4 c5 13. dxc5 Bxc5 14. Nxc5 Qxc5 15.
Nd4 Nc6 16. Rc1 Qb6 17. Nxc6 bxc6 18. Qc2 Bb7 19. b4 d4 20. e4 Nd7 21. a4 Ne5
22. a5 Qd8 23. Bf4 Nxd3 24. Qxd3 Qd7 25. Rfd1 Rfd8 26. a6 Bc8 27. Rc5 Qe7 28.
Rdc1 Be6 29. Bd2 Bd7 30. Qxd4 Bc8 31. Qb2 Bxa6 32. Bg5 f6 33. Qa2+ Qf7 34. Qxa6
fxg5 35. Qc4 Qxc4 36. R1xc4 Rf8 37. Kf2 h6 38. Ke3 Rf7 39. f4 gxf4+ 40. gxf4 Rb8
41. Rxc6 Rfb7 42. Rc8+ Rxc8 43. Rxc8+ Kf7 44. Rc4 Rb5 45. e5 g5 46. Ke4 gxf4 47.
Kxf4 a5 48. bxa5 Rxa5 49. Kf5 Ra3 50. Rc7+ Kf8 51. h4 Ra6 52. h5 Rb6 53. Rd7 Rb1
54. Kg6 Re1 55. Rf7+ Ke8 56. Rf5 Ke7 57. Kxh6 Ke6 58. Rg5 Kf7 59. Kh7 Re2 60. h6
Rh2 61. Rg6 1-0